Nombre 7 - Culture générale - Statistiques

Statistiques générales
  • Ce quiz a été pris 26 558 fois
  • Le résultat moyen est 11 sur 20
Statistiques - réponses
Indice Réponse % Correct
Première des 7 notes de musique Do
98%
Septième et dernier jour de la semaine Dimanche
89%
007 est son matricule James Bond
85%
Sportif surnommé CR7 Cristiano Ronaldo
84%
Boisson gazeuse à la saveur de citron-lime 7up
79%
Personnage associé aux 7 nains dans un conte des frères Grimm repris par Disney Blanche-Neige
79%
Le 7ème art Cinéma
76%
Il y a 7 péchés capitaux : l'orgueil, la paresse, la luxure, l'envie, la colère, l'avarice et __ ___________ la gourmandise
62%
Jeu de cartes consistant à en collectionner 6 ayant le même thème à 7 reprises les 7 familles
60%
Ville connue pour ses 7 collines, incluant notamment le Palatin Rome
48%
Ils sont au nombre de 7 et constituent l'âme de Voldemort dans Harry Potter Horcruxes
41%
Une des chansons les plus connues d'Ariana Grande 7 rings
40%
Elles sont au nombre de 7 dans le titre d'un des albums de Tintin Boule de cristal
40%
Seule Merveille du monde antique parmi les 7 à être encore debout pyramides de Gizeh
40%
Une des 7 couleurs de l'arc-en-ciel, se trouvant entre le bleu et le violet Indigo
39%
"Centres spirituels" du yoga au nombre de 7 Chakra
30%
Accessoire que Le Petit Poucet dérobe à l'ogre, lui permettant de se déplacer rapidement Bottes de 7 lieues
28%
Il apparaît lorsque l'on réunit les 7 Dragon Balls éponymes du manga Shenron
22%
Film d'Akira Kurosawa de 1954 inspirant la création du film Les Sept Mercenaires Les Sept Samouraïs
16%
Dernière des 7 épreuves de l'heptathlon olympique 800 mètres
9%
Aucun quiz correspondant
Distribution des résultats
% des personnes avec chaque résultat
Percentile par nombre de réponses
Votre historique - résultats
Vous n’avez pas pris ce quiz